000 00618nam a22002177a 4500
003 UA-OsUOA
001 37233
007 ta
008 20060301b un ||||| |||| 00| 0 ukr d
100 _aМиргородська Л.
090 _a330(477)
_bМ11
942 _cSA
040 _aUA-OsUOA
_bukr
_cUA-OsUOA
_dUA-OsUOA
245 _aОцінка потенціалу заощаджень населення України
300 _aС,35-38 с.
955 _a0
041 _aukr
080 _a330(477)
773 0 _w37232
_tЕкономіст
_dК.
_d2006
_g1
650 7 _a330 Економіка взагалі
_2UDC
999 _c323424
_d323424